| 000 | 00849cam a2200193 4500 | ||
|---|---|---|---|
| 001 | W3934-03 | ||
| 008 | 030911n2003 000 0 eng u | ||
| 035 | _a(Sirsi) u123556 | ||
| 245 | _aRevision to Part F | ||
| 260 | _c2003 | ||
| 490 |
_aBRE News Release _v 4 September 2003, (1) |
||
| 520 | _aBuilding Regulations Part F which deals with the provision of ventilation to people in buildings is to be revised by the ODPM. The BRE has the contract to provide the necessary expert technical and administrative support to the ODPM Working Group responsible for the revision process. For the news release: http://www.bre.co.uk/news.jsp?id=158 | ||
| 590 | _aWB | ||
| 650 | _aBRE | ||
| 650 | _aBUILDING REGULATIONS 1991 APPROVED DOCUMENT F (1992 EDITION) | ||
| 650 | _aVENTILATION | ||
| 690 | _aBUILT ENVIRONMENT-BUILDING STANDARDS | ||
| 942 | _n0 | ||
| 999 |
_c73388 _d73388 |
||